№ 5; Математика (РЖ)

Xehetasun bibliografikoak
Parent link:Математика (РЖ): реферативный журнал/ ВИНИТИ. № 5.— , 1954-
Hizkuntza:errusiera
Argitaratua: 2015
Gaiak:
Formatua: Liburua
KOHA link:https://koha.lib.tpu.ru/cgi-bin/koha/opac-detail.pl?biblionumber=546983

MARC

LEADER 00000nam2a2200000 4500
001 546983
005 20231101120018.0
035 |a (RuTPU)RU\TPU\prd\239108 
090 |a 546983 
100 |a 20150618a19549999k y0rusy50 ca 
101 0 |a rus 
102 |a RU 
200 0 |a № 5 
210 |d 2015 
461 1 |0 (RuTPU)RU\TPU\prd\241  |t Математика (РЖ)  |o реферативный журнал  |f ВИНИТИ  |v № 5  |d 1954- 
610 1 |a реферативные журналы 
801 0 |a RU  |b 63413507  |c 20010227  |g PSBO 
801 1 |a RU  |b 63413507  |c 20150618 
801 2 |a RU  |b 63413507  |c 20170210  |g RCR 
942 |c BK 
999 |a НТБ_ТПУ  |b ЧЗТЛ  |e -1/20150112  |p П-5816  |s 5/20141120  |u 0,00  |v 1